Statistics for General Knowledge Quiz #53

Click here to take the quiz!

General Stats

  • This quiz has been taken 57,639 times
    (18,648 since last reset)
  • The average score is 13 of 20

Answer Stats

Question Answer % Correct
What does the H stand for in H2O?Hydrogen
98%
What movie's theme song was "My Heart Will Go On"?Titanic
84%
Who was the legendary enemy of the Sheriff of Nottingham?Robin Hood
82%
What nautical word refers to the right side of a ship?Starboard
79%
From what city do Neapolitans hail?Naples
77%
In what sport would you hear the terms hooker, scrum, and ruck?Rugby
73%
What was the name of Peter, Paul, and Mary's "magic" dragon?Puff
69%
What did the dish run away with?The Spoon
69%
What country did Tunisia gain its independence from in 1956?France
68%
What type of cloud produces thunderstorms?Cumulo{nimbus}
61%
What were the Kyoto Protocol and Paris Agreement meant to help prevent?Climate Change
60%
If someone is a "man of the cloth", what is their job?Clergyman
59%
What French region did William the Conqueror come from?Normandy
59%
What does AWD stand for in the auto industry?All-Wheel Drive
59%
What is the traditional gift for a one year wedding anniversary?Paper
58%
What instrument is used to measure the intensity of an earthquake?Seismometer
50%
What body part does one use to give someone a butterfly kiss?Eyelashes
45%
What band was led by singer Roger Daltrey?The Who
43%
In what country did Gandhi fight for civil rights before moving back to India?South Africa
37%
What is the largest island in the English Channel?Isle of Wight
33%

Score Distribution

Percentile by Number Answered

Percent of People with Each Score

Your Score History

You have not taken this quiz since the last reset